000 00592nam a22001457a 4500
008 090422t xxu||||| |||| 00| 0 eng d
020 _a9788174465887
082 _222
_a658.3
_bDHA
245 _aStrategic human resource management /
_cRajib Lochan Dhar
260 _aNew Delhi:
_bExcel books,
_c2008
300 _a330p.;
_c25 cm.
650 _93368
_aPersonnel management.
942 _2ddc
_cBB
999 _c11375
_d11375